01879nam a2200265Ia 4500001000600000003000900006008004100015040001300056040001300069041001300082100002100095100002900116240003000145240003500175245005200210245005200262250001100314260000900325260001200334260004900346300005600395500110800451650002301559650003101582B6232IT-RoPAU130308s9999 xx 000 0 und d aIT-RoPAU cIT-RoPAU aITALIANO aMillerson Gerald gCodice Aut. SPICS: 3737 aTV SCENIC DESIGN HANDBOOK gCodice Tit. Orig. Spics: T2677 aManuale di scenografia e scenotecnica per la tv bManuale di scenografia e Scenotecnica per la Tv a1a ed. aROMA bGremese c1993 [1° Ed.:1993 - Ed.Ling.Originale:1989] a"256 p. (prefazione: 12; testo: 244 [pagine: 0-0])" aCome Nasce la Scenografia. Principi Fondamentali della Organizzazione Scenografica: Progettazione, Matodi di Produzione. Costruzione della Scena: Cyclorama, Raccordi da Pavimento, Teli e Telai, Trattamento delle Superfici, Unità Architettoniche, superfici Rialzate, Sfondi Pittorici, Pavimento Dello Studio, Effetti Decorativi, Soffitti, Piante. Tecniche di Scena: Fondali Neutri, Allestimenti di Tipo Realistico o Decorativo, Uso degli Schermi, Unità Mobili, Mobili, Allestimento del Set, Materiale di Scena, Lampade Funzionanti, luci D'Effetto. procedure di Allestimento Scenotecnico: Disposizione Dello Studio, Sfondi, Trattamento Generale del Set. Allestimento scenografico in Economia: Uso di schermi e Pannelli, Arte di usare in Piu' Manierelo Stesso Elemento. Effetti Scenici: Illusione di Spazialità, Uso dell'acqua in Studio, proiezione Scenica, Inserzione Elettronica delle Immagini. Operazioni Sceniche: Studio, messa a Punto dei Telai, Allestire gli Scenari.Scenografo e riprese in Esterno. Controllo del tono e del Colore. Illuminazione e Scenografo: Illuminazione di Base. Glossario. aTECNICA TELEVISIVA eCodice materia Spics: 6952